Competitiveness in transition economies what scope for real appreciation?

Salvato in:
Dettagli Bibliografici
Autore principale: Krajnyák, Kornélia
Altri autori: Zettelmeyer, Jeromin
Natura: Libro
Lingua:inglese
Pubblicazione: Washington International Monetary Fund 1997
Serie:IMF Working paper WP/97/149
Soggetti:
Tags: Aggiungi Tag
Nessun Tag, puoi essere il primo ad aggiungerne!!

MARC

LEADER 00000nam a2200000 4500
001 c100709
005 20221124074456.0
041 0 |a eng 
044 |a US 
245 1 0 |a Competitiveness in transition economies  |b what scope for real appreciation?  |c Prepared by Kornélia Krajnyák and Jeromin Zettelmeyer 
264 1 |a Washington  |b International Monetary Fund  |c 1997 
300 |a 55 s. 
490 1 |a IMF Working paper  |v WP/97/149 
830 0 |a IMF Working paper  |v WP/97/149 
610 2 0 |a konkurencia 
610 2 0 |a obdobie prechodné 
610 2 0 |a transformácia 
610 2 0 |a mzdy 
610 2 0 |a dolár 
610 2 0 |a porovnanie medzinárodné 
610 2 0 |a SVE 
610 2 0 |a kapitál ľudský 
610 2 0 |a rovnováha 
610 2 0 |a modely 
610 2 0 |a výroba 
610 2 0 |a stredná Európa 
610 2 0 |a východná Európa 
610 2 0 |a kurz devízový 
610 2 0 |a porovnanie medzinárodné 
610 2 0 |a analýza ekonomická 
100 1 |a Krajnyák, Kornélia 
700 1 |a Zettelmeyer, Jeromin